Online
Catalog
Normal view MARC view

Entry Nombre personal

Number of records used in: 5

001 - NÚMERO DE CONTROL

  • campo de control: 20623

003 - IDENTIFICADOR DEL NÚMERO DE CONTROL

  • campo de control: BNPHU

005 - FECHA Y HORA DE LA ÚLTIMA TRANSACCIÓN

  • campo de control: 20240228130813.0

008 - DATOS DE LONGITUD FIJA

  • campo de control de longitud fija: 200615|| aca||aabn | a|a d

040 ## - FUENTE DE LA CATALOGACIÓN

  • Centro catalogador/agencia de origen: DO-SdBNP
  • Lengua de catalogación: spa
  • Centro/agencia transcriptor: BNPHU
  • Normas de descripción: rda

100 1# - ENCABEZAMIENTO-NOMBRE DE PERSONA

  • Nombre de persona: Serrata, Médar,
  • Fechas asociadas al nombre: 1964-

370 ## - LUGAR ASOCIADO

  • Lugar de nacimiento: Santo Domingo (República Dominicana) |c Dominican Republic |
  • País asociado: República Dominicana
  • Lugar de residencia/sede: Allendale (Mich.)

372 ## - CAMPO DE ACTIVIDAD

  • Campo de actividad: Literatura Caribeña

373 ## - GRUPO ASOCIADO

  • Grupo asociado: Grand Valley State University

374 ## - OCUPACIÓN

  • Ocupación: Autor
  • Ocupación: Poeta
  • Ocupación: Profesor universitario

375 ## - GÉNERO/SEXO

  • Género/Sexo: Masculino

377 ## - LENGUA/LENGUAJE ASOCIADO

  • Código del idioma: spa
  • Código del idioma: eng

400 1# - TRAZADO DE VÉASE--NOMBRE DE PERSONA

  • Nombre de persona: Serrata, Médar de la Cruz,
  • Fechas asociadas al nombre: 1964-

400 1# - TRAZADO DE VÉASE--NOMBRE DE PERSONA

  • Nombre de persona: De la Cruz Serrata, Médar,
  • Fechas asociadas al nombre: 1964-

400 1# - TRAZADO DE VÉASE--NOMBRE DE PERSONA

  • Nombre de persona: Cruz Serrata, Médar de la,
  • Fechas asociadas al nombre: 1964-

500 1# - TRAZADO DE VÉASE ADEMÁS--NOMBRE DE PERSONA

  • Nombre de persona: Cruz, Medardo de la,
  • Fechas asociadas al nombre: 1964-

670 ## - FUENTE DE DATOS ENCONTRADOS

  • Cita de la fuente: Work cat.: (OSt)7206: De ida y vuelta = andata e ritorno :, 2005.

670 ## - FUENTE DE DATOS ENCONTRADOS

  • Cita de la fuente: Rapsodia para tontos, 199

670 ## - FUENTE DE DATOS ENCONTRADOS

  • Cita de la fuente: Poetas dominicanos, May 15, 2006

Powered by Koha